Statistiques concernant Culture Générale - Série 1096

Cliquez ici pour prendre le quiz!

Statistiques générales

  • Ce quiz a été pris 78 fois
  • Le résultat moyen est 5 sur 10

Statistiques - réponses

QuestionRéponse% Correct
De quel pays Tony Blair a-t-il été le Premier ministre ?Royaume-Uni
99%
Quelle nage tire son nom de celui d'un insecte ?papillon
91%
Quel anglicisme désigne un livre qui a connu un gros succès commercial ?best-seller
82%
En géométrie, quel adjectif qualifie deux droites distinctes qui ne se rencontrent jamais ?parallèle
82%
A quel homme politique français doit-on la création des fameuses "Brigades du Tigre" ?Georges Clemenceau
72%
Dans le film d'animation "Kirikou et la sorcière", quel est le nom de la méchante sorcière ?Karaba
38%
Quel est le nom de la célèbre propriété de Memphis acquise par Elvis Presley en 1957 ?Graceland
36%
Dans l'Antiquité, comment nommait-on l'épingle, rimant avec "vestibule", avec laquelle les Romains agrafaient leurs vêtements ?fibule
31%
Quel surnom commençant par un "S" donnait-on au musicien de jazz Louis Armstrong ?Satchmo
12%
Quel chien de bande dessinée, créé par Binet, est capable de lire Kant ?Kador
5%

Distribution des résultats

Percentile par nombre de réponses

% des personnes avec chaque résultat

Votre développement - résultats

Vous n’avez pas pris ce quiz